Pays européens non-membres de l'Union Européenne - Statistiques

Statistiques générales
  • Ce quiz a été pris 93 fois
    78 depuis la dernière actualisation
  • Le résultat moyen est 18 sur 21
Statistiques - réponses
Pays européens non-membres de l'Union Européenne % Correct
Kosovo
95%
Monaco
95%
Norvège
95%
Royaume-Uni
95%
Russie
95%
Serbie
93%
Vatican
93%
Albanie
92%
Biélorussie
91%
Monténégro
91%
Ukraine
91%
Macédoine du Nord
89%
Andorre
88%
Suisse
88%
Bosnie-Herzégovine
87%
Islande
85%
Saint-Marin
85%
Liechtenstein
83%
Moldavie
83%
Turquie
76%
Géorgie
37%
Aucun quiz correspondant
Distribution des résultats
% des personnes avec chaque résultat
Percentile par nombre de réponses
Votre historique - résultats
Vous n’avez pas pris ce quiz depuis la dernière actualisation